header

Trickster in tweed (Record no. 78581)

MARC details
000 -LEADER
fixed length control field 01801nam a22003974a 4500
082 04 - DEWEY DECIMAL CLASSIFICATION NUMBER
Classification number 378.1/2092
-- B
100 1# - MAIN ENTRY--AUTHOR NAME
Personal name Frentz, Thomas S.
245 10 - TITLE STATEMENT
Title Trickster in tweed
260 ## - PUBLICATION, DISTRIBUTION, ETC. (IMPRINT)
Place of publication Walnut Creek, Calif. :
Name of publisher Left Coast Press,
Year of publication c2008.
300 ## - PHYSICAL DESCRIPTION
Number of Pages 192 p.
490 1# - SERIES STATEMENT
Series statement Writing lives
505 0# - FORMATTED CONTENTS NOTE
Formatted contents note The call -- Women's ways -- Life with father -- Burying ghosts -- Turning tricks -- Sheep speak -- Or comes the wolf -- Janice -- Festum asinorum -- Shepherd tales -- Trials in the trenches -- The eye of the storm -- On becoming a better outlaw -- Last call.
650 #0 - SUBJECT ADDED ENTRY--TOPICAL TERM
Topical Term College teachers
Topical Term Organizational behavior
Topical Term Cancer
Topical Term Self-realization
856 40 - ELECTRONIC LOCATION AND ACCESS
Uniform Resource Identifier http://site.ebrary.com/lib/rucke/Doc?id=10411852

No items available.

© 2026 Rongo University
Contact us: librarian | system librarian | Rongo university